00380nam a2200133Ia 4500008004100000020001800041041000800059082001200067100001800079245007500097250001100172260004000183650002300223260624s2022 xx 000 0 und d a9789354651373 aeng a616.025 aSharma Bhawna aTextbook of Emergency Medicine Including Intensive Care & Trauma Vol.1 a2nd ed bJaypee Brothers Med. Pub.2022c2022 aEmergency Medicine